Letters to Peachy R. Gilmer, (Record no. 43945)
[ view plain ]
| 000 -LEADER | |
|---|---|
| fixed length control field | 00743cpcaa2200217 4500 |
| 001 - CONTROL NUMBER | |
| control field | mm 83022848 |
| 003 - CONTROL NUMBER IDENTIFIER | |
| control field | DLC |
| 005 - DATE AND TIME OF LATEST TRANSACTION | |
| control field | 20260227111719.0 |
| 008 - FIXED-LENGTH DATA ELEMENTS--GENERAL INFORMATION | |
| fixed length control field | 830304|||||||||||| eng |
| 010 ## - LIBRARY OF CONGRESS CONTROL NUMBER | |
| LC control number | mm 83022848 |
| 040 ## - CATALOGING SOURCE | |
| Original cataloging agency | DLC |
| Transcribing agency | DLC |
| Description conventions | dacs |
| Modifying agency | DLC |
| 072 #7 - SUBJECT CATEGORY CODE | |
| Subject category code | N |
| Source | lcmd |
| 100 1# - MAIN ENTRY--PERSONAL NAME | |
| Personal name | Carr, Dabney, |
| Dates associated with a name | 1773-1837. |
| 245 00 - TITLE STATEMENT | |
| Title | Letters to Peachy R. Gilmer, |
| Inclusive dates | 1801-1836. |
| 300 ## - PHYSICAL DESCRIPTION | |
| Extent | 1 |
| Type of unit | item. |
| 506 0# - RESTRICTIONS ON ACCESS NOTE | |
| Terms governing access | Open to research. |
| 520 8# - SUMMARY, ETC. | |
| Summary, etc. | Volume containing letter to Peachy R. Gilmer. |
| 546 ## - LANGUAGE NOTE | |
| Language note | Collection material in English. |
| 600 10 - SUBJECT ADDED ENTRY--PERSONAL NAME | |
| Personal name | Gilmer, Peachy R. |
| Fuller form of name | (Peachy Ridgway), |
| Dates associated with a name | 1779-1836 |
| Form subdivision | Correspondence. |
No items available.